Velká teologie konstrukce hospodářské noetiky

Salvato in:
Dettagli Bibliografici
Autore principale: Loevenstein, Jan
Natura: Libro
Lingua:ceco
Pubblicazione: Praha Řivnáč 1934
Tags: Aggiungi Tag
Nessun Tag, puoi essere il primo ad aggiungerne!!

MARC

LEADER 00000nam a2200000 4500
001 c126636
005 20041019155238.5
041 0 |a cze 
044 |a CZ 
245 1 0 |a Velká teologie  |b konstrukce hospodářské noetiky  |c Jan Loevenstein 
264 1 |a Praha  |b Řivnáč  |c 1934 
300 |a 352 s. 
100 1 |a Loevenstein, Jan